| 000 | 00386nam a2200145Ia 4500 | ||
|---|---|---|---|
| 008 | 230312s9999||||xx |||||||||||||| ||und|| | ||
| 020 | _a81-317-0683-1 | ||
| 082 |
_a658.15 _bHOR-F |
||
| 100 | _aHorne;James.C.Van | ||
| 245 | 0 | _aFinancial Management and Policy | |
| 260 |
_bPearson _aIndia _c2002 |
||
| 300 | _a832 | ||
| 650 |
_aManagement _vFinancial Management and Policy |
||
| 942 | _cBK | ||
| 999 |
_c11228 _d11228 |
||